The Law of contract / (Record no. 2110)

MARC details
000 -LEADER
fixed length control field 00641cam a22002172 4500
001 - CONTROL NUMBER
control field 0000003416
005 - DATE AND TIME OF LATEST TRANSACTION
control field 20151217145734.0
008 - FIXED-LENGTH DATA ELEMENTS--GENERAL INFORMATION
fixed length control field 070507s xx 000 0 eng d
020 ## - INTERNATIONAL STANDARD BOOK NUMBER
International Standard Book Number 042178170X :
Terms of availability KES 2,575
040 ## - CATALOGING SOURCE
Original cataloging agency KABU
Transcribing agency KABU
050 #0 - LIBRARY OF CONGRESS CALL NUMBER
Classification number KD1554
Item number .S65 2002
100 1# - MAIN ENTRY--PERSONAL NAME
Personal name Smith, John C.
-- 0000153332
245 14 - TITLE STATEMENT
Title The Law of contract /
Statement of responsibility, etc. by Sir John Smith.
250 ## - EDITION STATEMENT
Edition statement 4th ed.
260 ## - PUBLICATION, DISTRIBUTION, ETC. (IMPRINT)
Place of publication, distribution, etc. London :
Name of publisher, distributor, etc. Sweet & Maxwell,
Date of publication, distribution, etc. 2002.
300 ## - PHYSICAL DESCRIPTION
Extent xxiv, 274 p. ;
Dimensions 22 cm.
650 #0 - SUBJECT ADDED ENTRY--TOPICAL TERM
Topical term or geographic name as entry element Contracts
Geographic subdivision United Kingdom.
-- 0000153329
908 ## - PUT COMMAND PARAMETER (RLIN)
Put command parameter 070507
950 ## - LOCAL HOLDINGS (RLIN)
-- 1
Holdings
Withdrawn status Lost status Source of classification or shelving scheme Damaged status Not for loan Home library Current library Date acquired Total Checkouts Full call number Barcode Date last seen Date last checked out Price effective from Koha item type
  Lost Library of Congress Classification     Kabarak, Main Campus Kabarak, Main Campus 17/12/2015 1 KD1554 .S65 2002 006844 25/01/2016 25/01/2016 17/12/2015 General Collection
    Library of Congress Classification     Kabarak, Main Campus Kabarak, Main Campus 17/12/2015 12 KD1554 .S65 2002 006843 21/11/2019 08/11/2019 17/12/2015 General Collection
Designed with assistance from East African Informatics Ltd